Mesterséges intelligencia és az Ipar 4.0 hatása a társadalomra és gazdaságra

Bibliográfiai részletek
Szerző: Labancz Jenő Richárd
További közreműködők: Hua Dr. Nam Son
Sipos Dávid
Dokumentumtípus: Diplomadolgozat
Kulcsszavak:Mesterséges intelligencia
4.0 ipari forradalom
Adatbiztonság
Online Access:http://dolgozattar.uni-bge.hu/20977

MARC

LEADER 00000nta a2200000 i 4500
001 dolg20977
005 20190515153902.0
008 190515suuuu hu om 000 hun d
040 |a BGE Dolgozattár Repozitórium  |b hun 
041 |a hu 
100 1 |a Labancz Jenő Richárd 
245 1 0 |a Mesterséges intelligencia és az Ipar 4.0 hatása a társadalomra és gazdaságra  |c Labancz Jenő Richárd  |h [elektronikus dokumentum] 
695 |a Mesterséges intelligencia 
695 |a 4.0 ipari forradalom 
695 |a Adatbiztonság 
700 1 |a Hua Dr. Nam Son  |e ths 
700 1 |a Sipos Dávid  |e ths 
856 4 0 |u http://dolgozattar.uni-bge.hu/20977/7/szakdolgozat_labanczjenorichard.pdf  |z Dokumentum-elérés